Six pays les plus proches - Espagne - Statistiques

Statistiques générales
  • Ce quiz a été pris 536 fois
  • Le résultat moyen est 4 sur 6
Statistiques - réponses
km pays % Correct
0 France
99%
0 Portugal
94%
0 Maroc
86%
0 Andorre
80%
68 Algérie
62%
314 Mauritanie
6%
Aucun quiz correspondant
Distribution des résultats
% des personnes avec chaque résultat
Percentile par nombre de réponses
Votre historique - résultats
Vous n’avez pas pris ce quiz